00000000nam##2200000za#4500
0019.699020
003CaOODSP
00520210625000207
007cr |||||||||||
008150407|1998||||xxc|||||o    f|0| 0 eng|d
040 |aCaOODSP|beng
043 |an-cn---
0861 |aF1-23/1998-6E-PDF
1101 |aCanada. |bDepartment of Finance.
24510|aInformation, Budget 1998 |h[electronic resource]
260 |aOttawa - Ontario : |bFinance Canada |cc1998.
300 |a22p.|bgraphs
500 |aThe Cat No. (F1-23/1998-6E) and ISBN (0-662-26571-8) for the print edition have been incorrectly copied in the PDF edition.
590 |a14-06-Supp|b2014-03-21
77508|tInformation, Budget de 1998 |w(CaOODSP)9.642989
85640|ahttp://publications.gc.ca|qPDF|s127 KB|uhttps://publications.gc.ca/collections/Collection-R/Finance/Budget98/facte.pdf